Statistics for Easy General Knowledge -1

Click here to take the quiz!

General Stats

  • This quiz has been taken 428 times
    (424 since last reset)
  • The average score is 9 of 12

Answer Stats

HintAnswer% Correct
What color do you add to blue to make green?yellow
97%
At a start of a game of chess, which color starts?white
95%
How many consonants are there in the English alphabet?21
86%
What is 3 cubed?27
84%
What is the name of Mickey Mouse's pet dog?Pluto
84%
What is the next highest prime number after 31?37
79%
Which side of a ship is starboard?right
77%
What creatures body does the Sphinx have?lion
76%
Which fabric is made by worms?silk
74%
What do Americans call a torch?a flashlight
63%
What kind of nut grows on an oak tree?acorn
60%
Who is the oldest of the 7 dwarfs?Doc
56%

Score Distribution

Percentile by Number Answered

Percent of People with Each Score

Your Score History

You have not taken this quiz since the last reset